| 000 | 01026cam a2200313 a 4500 | ||
|---|---|---|---|
| 001 | 1878566 | ||
| 003 | Ke-BoTe | ||
| 005 | 20220516101013.0 | ||
| 008 | 830818s1983 mdua b 001 0 eng | ||
| 010 | _a 83016849 | ||
| 020 | _a0683089013 (pbk.) | ||
| 040 |
_aDLC _cDLC _dDLC |
||
| 050 | 1 | 0 |
_aRC355 _b.W44 1983 |
| 060 | _aWL 100 W424n | ||
| 082 | 0 | 0 |
_a616.8 _219 |
| 100 | 1 |
_aWeiner, Howard L. _95480 |
|
| 245 | 1 | 0 |
_aNeurology for the house officer / _cHoward L. Weiner, Lawrence P. Levitt. |
| 250 | _a3rd ed. | ||
| 260 |
_aBaltimore : _bWilliams & Wilkins ; _cc1983. |
||
| 300 |
_axx, 204 p . : _bill. ; _c19 cm . |
||
| 504 | _aIncludes bibliographies and index. | ||
| 650 | 0 |
_aNervous system _xDiseases _xHandbooks, manuals, etc. _95481 |
|
| 650 | 0 |
_aNeurology _xHandbooks, manuals, etc. _95482 |
|
| 650 | 2 |
_aNervous system diseases. _95476 |
|
| 650 | 2 |
_aNeurologic manifestations. _95483 |
|
| 700 | 1 |
_aLevitt, Lawrence P., _d1940- _95484 |
|
| 906 |
_a7 _bcbc _corignew _d1 _eocip _f19 _gy-gencatlg |
||
| 942 |
_2lcc _cBK _n0 |
||
| 999 |
_c2682 _d2682 |
||